000 00812nas a2200253 4500
001 BR0102751
003 BR-BrBNA
005 20231205102301.0
007 ta
008 230509b bl.|||p| |||| 00| 00por d
040 _aBR-BrBNA
_bpor
_cBiblioteca Nacional de Agricultura
041 _a(Pt)
072 _aF61
100 1 _aGonnet, S.
100 1 _aDiaz, P.
245 1 _aGlutamine synthetase and glutamate synthase activities in relation to nitrogen fixation in Lotus spp.
650 _aCornichao
650 _aAnalise Quimica
650 _aFixacao Simbiotica de Nitrogenio
650 _aNitrogenase
773 0 _tRevista Brasileira de Fisiologia Vegetal (Brazil)
_xISSN 0103-3131
_g(Sep-Dec 2000), v. 12(3) p. 195-202
_wBR0102751
909 _a202311
_bLúcia
_c55
_dLúcia Elande
942 _2AGRIS
_n0
_cANA
999 _c166767
_d166767